Statistics for 2023-24 NFL HB BY PICTURE

Click here to take the quiz!

General Stats

  • This quiz has been taken 290 times
    (69 since last reset)
  • The average score is 38 of 44

Answer Stats

Answer% Correct
Aaron Jones
98%
Derrick Henry
98%
Austin Ekeler
97%
Christian McCaffrey
97%
James Cook
97%
D'Andre Swift
95%
Ezekiel Elliott
95%
Kenneth Walker III
95%
Alvin Kamara
93%
Bijan Robinson
93%
Breece Hall
93%
Isiah Pacheco
93%
Jahmyr Gibbs
93%
Travis Etienne Jr.
93%
Dalvin Cook
92%
David Montgomery
92%
Jonathan Taylor
92%
Nick Chubb
92%
Raheem Mostert
92%
Saquon Barkley
92%
Devin Singletary
90%
Joe Mixon
90%
De'Von Achane
85%
Josh Jacobs
85%
Kyren Williams
85%
Rhamondre Stevenson
85%
Najee Harris
84%
Rachaad White
84%
AJ Dillon
82%
Alexander Mattison
82%
James Conner
80%
Tony Pollard
80%
Brian Robinson Jr.
79%
Miles Sanders
79%
Gus Edwards
77%
Jamaal Williams
77%
Javonte Williams
77%
Chuba Hubbard
75%
Antonio Gibson
72%
Khalil Herbert
72%
Jerome Ford
69%
Zack Moss
66%
J.K. Dobbins
64%
Jaylen Warren
61%

Score Distribution

Percentile by Number Answered

Percent of People with Each Score

Your Score History

You have not taken this quiz since the last reset